000 00721cam a2200241 a 4500
001 000016045
005 20200929164242.0
008 920430s1978 ve a 000 0 spa
010 _a92154093
040 _aDO-SdBNP
_cDLC
082 _a211.8
_bN415a
100 1 _aNeira, Enrique.
_931043
245 1 0 _aAteísmo y creencia en Dios /
_cEnrique Neira.
260 _aCaracas :
_bUniversidad Católica Andres Bello,
_c1978.
300 _a126 p. :
_bil. ;
_c19 cm.
504 _aIncluye referencia al pie de páginas
504 _aIncluye referencias bibliográficas
650 4 _aAteismo
_936012
650 4 _aSuperstición
_916062
650 4 _aDios
_91305
910 _aCatalogación por copia / LC
049 _aBNGR
999 _c15586
_d15586